Ngôn ngữ học đối chiếu và đối chiếu các ngôn ngữ Đông Nam Á

Bewaard in:
Bibliografische gegevens
Hoofdauteur: Nguyễn, Văn Chiến
Formaat: Boek
Gepubliceerd in: H. Sư phạm ngoại ngữ 1992
Tags: Voeg label toe
Geen labels, Wees de eerste die dit record labelt!
Thư viện lưu trữ: Trung tâm Học liệu Lê Vũ Hùng, Trường Đại học Đồng Tháp
LEADER 00662pam a22001818a 4500
001 00039204
005 20171026081025.0
008 170518s1992 ||||||Viesd
041 0 # |a Vie 
082 1 4 |a 493.9  |b NG454NG 
100 1 # |a Nguyễn, Văn Chiến 
245 1 0 |a Ngôn ngữ học đối chiếu và đối chiếu các ngôn ngữ Đông Nam Á  |c Nguyễn Văn Chiến 
260 # # |a H.  |b Sư phạm ngoại ngữ  |c 1992 
300 # # |a 220 tr.  |b 27cm 
852 # # |b Kho đọc  |j KD.1002300, KD.0020345 
852 # # |j KD.0020345 
910 |d 18/05/2017 
980 # # |a Trung tâm Học liệu Lê Vũ Hùng, Trường Đại học Đồng Tháp